| 000 | 00464nam a2200181Ia 4500 | ||
|---|---|---|---|
| 008 | 131103s9999 xx 000 0 und d | ||
| 040 | _aLoreto College | ||
| 041 | _aEnglish | ||
| 082 |
_aF/KIP _bLCBED/10071 |
||
| 100 | _aKipling, Rudyard | ||
| 245 | 4 |
_aThe jungle book _cRudyard Kipling |
|
| 260 |
_aNew York _bSignet _c1981 |
||
| 300 |
_a332p. _c 18cm. |
||
| 650 | _aEnglish literature | ||
| 651 | _aEnglish fiction | ||
| 850 | _aLCBED/F/KIP | ||
| 942 | _cBK | ||
| 999 |
_c32304 _d82783 |
||